[Event "Titled Tuesday intern op 10th Sep Early"]
[Site "Chess,com INT"]
[Date "2024.09.10"]
[Round "1"]
[White "Manvelyan, Mikayel"]
[Black "Bugayev, Vladimir"]
[Result "1-0"]
[WhiteElo "2215"]
[BlackElo "2085"]
[PlyCount "49"]
[EventDate "2024.09.10"]
[EventType "swiss (blitz)"]
[EventRounds "11"]
[EventCountry "USA"]
[SourceTitle "EXT 2025"]
[Source "ChessBase"]
[SourceDate "2024.10.14"]
[SourceVersion "1"]
[SourceVersionDate "2024.10.14"]
[SourceQuality "1"]

1. e4 c6 2. d4 d5 3. Nc3 dxe4 4. Nxe4 Nf6 5. Nxf6+ exf6 6. c3 Bd6 7. Bd3 0-0 8. Qc2 Re8+ 9. Ne2 h5 10. 0-0 h4 11. h3 Na6 12. Bd2 Nc7 13. Rfe1 Nd5 14. a3 b5 15. b3 Bc7 16. c4 Qd6 17. Nf4 Rxe1+ 18. Rxe1 Ne7 19. d5 bxc4 20. bxc4 c5 21. Bh7+ Kh8 22. Qe4 Ba6 23. Qxe7 Kxh7 24. Qxf7 Bxc4 25. Re7 1-0

[Event "Titled Tuesday intern op 13th Aug Early"]
[Site "Chess.com INT"]
[Date "2024.08.13"]
[Round "1"]
[White "Bugayev, Vladimir"]
[Black "Dilanyan, Grigor"]
[Result "0-1"]
[WhiteElo "2085"]
[BlackElo "2191"]
[PlyCount "88"]
[EventDate "2024.08.13"]
[EventType "swiss (blitz)"]
[EventRounds "11"]
[EventCountry "USA"]
[SourceTitle "EXT 2025"]
[Source "ChessBase"]
[SourceDate "2024.10.14"]
[SourceVersion "1"]
[SourceVersionDate "2024.10.14"]
[SourceQuality "1"]

1. e4 e5 2. Nf3 Nc6 3. d4 exd4 4. Nxd4 Nf6 5. Nxc6 bxc6 6. e5 Qe7 7. Qe2 Nd5 8. h4 g6 9. Bg5 Qb4+ 10. c3 Qc5 11. c4 Ba6 12. Bf6 Nxf6 13. exf6+ Kd8 14. Nd2 Bh6 15. 0-0-0 Re8 16. Qd3 Re6 17. Kb1 Rd6 18. Qe2 Qf5+ 19. Ka1 Qxf6 20. Ne4 Rxd1+ 21. Qxd1 Qe5 22. f3 Rb8 23. Nc3 Bg7 24. Qd2 Qd4 25. Qxd4 Bxd4 26. h5 Rb4 27. hxg6 hxg6 28. Rh7 Ke7 29. Bd3 Bxc4 30. Bxg6 Be6 31. Bd3 a5 32. g4 a4 33. a3 Rb8 34. g5 Kd6 35. f4 Bxc3 36. bxc3 Rb3 37. f5 Bd5 38. g6 fxg6 39. fxg6 Rxc3 40. Bf5 Rxa3+ 41. Kb2 Rb3+ 42. Ka1 Be6 43. Bc2 Rg3 44. g7 a3 0-1

[Event "Titled Tuesday intern op 13th Aug Early"]
[Site "Chess.com INT"]
[Date "2024.08.13"]
[Round "11"]
[White "Bugayev, Vladimir"]
[Black "Jammalamadaka, Vihaan"]
[Result "0-1"]
[WhiteElo "2085"]
[BlackElo "1919"]
[PlyCount "62"]
[EventDate "2024.08.13"]
[EventType "swiss (blitz)"]
[EventRounds "11"]
[EventCountry "USA"]
[SourceTitle "EXT 2025"]
[Source "ChessBase"]
[SourceDate "2024.10.14"]
[SourceVersion "1"]
[SourceVersionDate "2024.10.14"]
[SourceQuality "1"]

1. e4 d5 2. exd5 Qxd5 3. Nf3 Nf6 4. d4 Nc6 5. c4 Qh5 6. d5 Ne5 7. Be2 Bg4 8. Bf4 Nxf3+ 9. gxf3 Bh3 10. Bxc7 g6 11. Qa4+ Bd7 12. Qb3 Bg7 13. f4 Qf5 14. Nc3 0-0 15. 0-0-0 b5 16. c5 Rac8 17. d6 exd6 18. Bxd6 Rfe8 19. Bxb5 Bxb5 20. Nxb5 Ne4 21. Rd5 Qe6 22. Re1 Nxc5 23. Rxe6 Nxb3+ 24. Kd1 Rc1+ 25. Ke2 Rxe6+ 26. Kf3 Na5 27. Nxa7 Nc6 28. Bc5 Rxc5 29. Rxc5 Nxa7 30. b4 Ra6 31. Rc2 Bf8 0-1

[Event "Titled Tuesday intern op 13th Aug Early"]
[Site "Chess.com INT"]
[Date "2024.08.13"]
[Round "7"]
[White "Bugayev, Vladimir"]
[Black "Nikulina, Alena"]
[Result "1-0"]
[WhiteElo "2085"]
[BlackElo "1875"]
[PlyCount "73"]
[EventDate "2024.08.13"]
[EventType "swiss (blitz)"]
[EventRounds "11"]
[EventCountry "USA"]
[SourceTitle "EXT 2025"]
[Source "ChessBase"]
[SourceDate "2024.10.14"]
[SourceVersion "1"]
[SourceVersionDate "2024.10.14"]
[SourceQuality "1"]

1. e4 c5 2. Nc3 e6 3. f4 Nc6 4. Nf3 d5 5. Bb5 d4 6. Nb1 Qc7 7. Bxc6+ Qxc6 8. d3 Nf6 9. 0-0 Be7 10. b3 0-0 11. a4 a6 12. a5 b6 13. axb6 Qxb6 14. Na3 Bb7 15. Nc4 Qc7 16. Bd2 Nd7 17. Nfe5 Nxe5 18. Nxe5 f6 19. Nc4 f5 20. Ba5 Qc6 21. Ne5 Qe8 22. Qe2 Bd6 23. Nc4 Be7 24. Bc7 Rc8 25. Bd6 fxe4 26. dxe4 Rf6 27. Be5 Rg6 28. Rf2 Qc6 29. f5 exf5 30. exf5 Rg5 31. Na5 Qd5 32. Bf4 Rg4 33. Qxe7 Rxf4 34. Qxb7 Qxb7 35. Nxb7 Rxf2 36. Kxf2 Rb8 37. Nxc5 1-0

[Event "Titled Tuesday intern op 11th Jun Early"]
[Site "Chess.com INT"]
[Date "2024.06.11"]
[Round "1"]
[White "Bugayev, Vladimir"]
[Black "Ismayil, Malak"]
[Result "1-0"]
[WhiteElo "2085"]
[BlackElo "2165"]
[PlyCount "47"]
[EventDate "2024.06.11"]
[EventType "swiss (blitz)"]
[EventRounds "11"]
[EventCountry "USA"]
[SourceTitle "EXT 2025"]
[Source "ChessBase"]
[SourceDate "2024.10.14"]
[SourceVersion "1"]
[SourceVersionDate "2024.10.14"]
[SourceQuality "1"]

1. e4 e5 2. Nf3 Nc6 3. d4 exd4 4. Nxd4 Bc5 5. Nb3 Bb6 6. Nc3 d6 7. Qe2 Nf6 8. Be3 Be6 9. 0-0-0 Qe7 10. h3 0-0-0 11. Bxb6 axb6 12. Nd4 Bd7 13. g3 Rhe8 14. Ndb5 Nxe4 15. Nd5 Qg5+ 16. f4 Qxg3 17. Qc4 Nc5 18. Nbxc7 Re4 19. Qb5 Nb4 20. Qxb6 Nxa2+ 21. Kb1 Ra4 22. Nb5 Na6 23. Nxd6+ Kb8 24. Qxb7# 1-0

[Event "Titled Tuesday intern op 11th Jun Early"]
[Site "Chess.com INT"]
[Date "2024.06.11"]
[Round "10"]
[White "Bugayev, Vladimir"]
[Black "Raja, Rithvik R"]
[Result "0-1"]
[WhiteElo "2085"]
[BlackElo "2511"]
[PlyCount "76"]
[EventDate "2024.06.11"]
[EventType "swiss (blitz)"]
[EventRounds "11"]
[EventCountry "USA"]
[SourceTitle "EXT 2025"]
[Source "ChessBase"]
[SourceDate "2024.10.14"]
[SourceVersion "1"]
[SourceVersionDate "2024.10.14"]
[SourceQuality "1"]

1. e4 e6 2. d4 d5 3. Bd3 Nc6 4. c3 Nf6 5. e5 Nd7 6. f4 b6 7. b4 a5 8. b5 Ne7 9. a4 c6 10. bxc6 Nxc6 11. g4 Qh4+ 12. Kd2 Ba6 13. Bxa6 Rxa6 14. Na3 Be7 15. Nb5 0-0 16. Qf3 Rc8 17. Ne2 Na7 18. Ba3 Nxb5 19. Bxe7 Nxd4 20. cxd4 Qxe7 21. Rhc1 Qb4+ 22. Kd1 Rxc1+ 23. Rxc1 Qxa4+ 24. Ke1 Ra8 25. f5 Qb4+ 26. Kf2 a4 27. Rc7 Qe7 28. f6 gxf6 29. exf6 Qxf6 30. Nf4 Qxd4+ 31. Kg3 Ne5 32. Qa3 Nc4 33. Qe7 Qe3+ 34. Kh4 Qxf4 35. Kh5 Ne5 36. h3 Ng6 37. Ra7 Nxe7 38. Rxa8+ Kg7 0-1

[Event "Titled Tuesday intern op 04th Jun Late"]
[Site "Chess.com INT"]
[Date "2024.06.04"]
[Round "1"]
[White "Bugayev, Vladimir"]
[Black "Domingo Nunez, Alejandro"]
[Result "0-1"]
[WhiteElo "2085"]
[BlackElo "2318"]
[PlyCount "72"]
[EventDate "2024.06.04"]
[EventType "swiss (blitz)"]
[EventRounds "11"]
[EventCountry "USA"]
[SourceTitle "EXT 2025"]
[Source "ChessBase"]
[SourceDate "2024.10.14"]
[SourceVersion "1"]
[SourceVersionDate "2024.10.14"]
[SourceQuality "1"]

1. e4 g6 2. Nc3 Bg7 3. d4 c6 4. h4 h5 5. Be3 d5 6. e5 Nh6 7. Nf3 Bg4 8. Be2 Bxf3 9. Bxf3 Nf5 10. Bg5 Qb6 11. Bxd5 cxd5 12. Nxd5 Qa5+ 13. Nc3 Nc6 14. Be3 Rd8 15. d5 Nxe5 16. 0-0 Nc4 17. Bc1 Nxb2 18. Bxb2 Bxc3 19. Rb1 b6 20. Bxc3 Qxc3 21. Rb3 Qf6 22. g3 0-0 23. c4 Rc8 24. Qd3 Rc5 25. Re1 Rfc8 26. Re4 Nd6 27. Rf4 Qa1+ 28. Rb1 Qxa2 29. Re1 Rxc4 30. Rxf7 Kxf7 31. Qf3+ Ke8 32. Qf6 Re4 33. Qxg6+ Kd7 34. Rxe4 Qb1+ 35. Kh2 Qxe4 36. Qxh5 Rc1 0-1

[Event "Titled Tuesday intern op 04th Jun Late"]
[Site "Chess.com INT"]
[Date "2024.06.04"]
[Round "2"]
[White "Bugayev, Vladimir"]
[Black "Sroczynski, Maciej"]
[Result "1-0"]
[WhiteElo "2085"]
[BlackElo "2255"]
[PlyCount "71"]
[EventDate "2024.06.04"]
[EventType "swiss (blitz)"]
[EventRounds "11"]
[EventCountry "USA"]
[SourceTitle "EXT 2025"]
[Source "ChessBase"]
[SourceDate "2024.10.14"]
[SourceVersion "1"]
[SourceVersionDate "2024.10.14"]
[SourceQuality "1"]

1. e4 e6 2. d4 d5 3. Bd3 a6 4. Ne2 Nd7 5. 0-0 dxe4 6. Bxe4 Ngf6 7. Bf3 Be7 8. Bf4 Nd5 9. Bg3 Bd6 10. c4 N5f6 11. Nbc3 Bxg3 12. hxg3 0-0 13. g4 h6 14. Qd2 b5 15. Bxa8 Nb6 16. Bf3 Nxc4 17. Qc2 Bd7 18. b3 Nd6 19. Qd2 Qb8 20. g5 hxg5 21. Qxg5 Qb6 22. Rfd1 Rc8 23. Rac1 Nf5 24. d5 e5 25. Ng3 Nd4 26. Nge4 Nxf3+ 27. gxf3 Nh7 28. Qg3 Re8 29. d6 c6 30. Ng5 Nf6 31. Nce4 Nh5 32. Qh4 g6 33. Nc5 Qd8 34. Nxd7 Qxd7 35. Ne4 Re6 36. Nc5 1-0

[Event "Titled Tuesday intern op 14th May Late"]
[Site "Chess.com INT"]
[Date "2024.05.14"]
[Round "5"]
[White "Bugayev, Vladimir"]
[Black "Aung, Thant Zin"]
[Result "1/2-1/2"]
[WhiteElo "2085"]
[BlackElo "2268"]
[PlyCount "52"]
[EventDate "2024.05.14"]
[EventType "swiss (blitz)"]
[EventRounds "11"]
[EventCountry "USA"]
[SourceTitle "CBM 220 Extra"]
[Source "ChessBase"]
[SourceDate "2024.07.31"]
[SourceVersion "1"]
[SourceVersionDate "2024.07.31"]
[SourceQuality "1"]

1. e4 c5 2. Nc3 Nc6 3. Bb5 e6 4. Bxc6 dxc6 5. d3 Ne7 6. f4 Ng6 7. Nf3 Be7 8. 0-0 0-0 9. Qe1 f5 10. g3 Bf6 11. e5 Be7 12. b3 b5 13. a4 a5 14. Be3 c4 15. bxc4 b4 16. Nb1 c5 17. Nbd2 Bb7 18. Nb3 Qc7 19. Kf2 Rfd8 20. Ke2 Nf8 21. h4 Nd7 22. Qf2 Rac8 23. Kd2 Nb6 24. Ke2 Nd7 25. Ng5 Nf8 26. Nf3 Nd7 1/2-1/2

[Event "Titled Tuesday intern op 14th May Late"]
[Site "Chess.com INT"]
[Date "2024.05.14"]
[Round "9"]
[White "Bugayev, Vladimir"]
[Black "Merino Garcia, Rafael"]
[Result "1-0"]
[WhiteElo "2085"]
[BlackElo "2382"]
[PlyCount "129"]
[EventDate "2024.05.14"]
[EventType "swiss (blitz)"]
[EventRounds "11"]
[EventCountry "USA"]
[SourceTitle "CBM 220 Extra"]
[Source "ChessBase"]
[SourceDate "2024.07.31"]
[SourceVersion "1"]
[SourceVersionDate "2024.07.31"]
[SourceQuality "1"]

1. e4 d6 2. Nc3 Nd7 3. g3 g6 4. Bg2 Bg7 5. d4 e5 6. Nge2 Ne7 7. 0-0 0-0 8. h3 exd4 9. Nxd4 Nc6 10. Nde2 Re8 11. g4 Nc5 12. Ng3 a5 13. Be3 Be6 14. f4 Bc4 15. Re1 Ne6 16. Qd2 Qh4 17. Bf2 Bd4 18. Kh2 Bxf2 19. Qxf2 Qf6 20. f5 Nc5 21. Nge2 Qe5+ 22. Kh1 Bxe2 23. Rxe2 a4 24. Nd5 a3 25. Rf1 g5 26. Nxc7 axb2 27. Nxe8 Rxe8 28. h4 h6 29. Rb1 Na4 30. Rg1 Nc3 31. Ree1 Ra8 32. hxg5 hxg5 33. Qd2 Kg7 34. Qxg5+ Kf8 35. Qh6+ Ke7 36. g5 Kd7 37. f6 Rxa2 38. Qg7 Ra1 39. Qxf7+ Kd8 40. Qg7 Rxe1 41. Rxe1 b1Q 42. Rxb1 Nxb1 43. Qg8+ Kc7 44. f7 Qg3 45. f8Q Qh4+ 46. Kg1 Qe1+ 47. Qf1 Qe3+ 48. Qf2 Qc1+ 49. Kh2 Nc3 50. Qg7+ Kc8 51. Qxc3 Qxg5 52. Qh3+ Kb8 53. Qfg3 Qd2 54. Qh6 Qc1 55. Qhxd6+ Ka7 56. Qc5+ Ka6 57. e5 Qh6+ 58. Bh3 Qd2+ 59. Qg2 Qf4+ 60. Kh1 Qc1+ 61. Qcg1 Qh6 62. Q1f1+ Ka7 63. Qf6 Qc1+ 64. Qg1+ Qxg1+ 65. Kxg1 1-0

[Event "Titled Tuesday intern op 23rd Apr Late"]
[Site "Chess.com INT"]
[Date "2024.04.23"]
[Round "3"]
[White "Bugayev, Vladimir"]
[Black "Rietze, Clemens"]
[Result "0-1"]
[WhiteElo "2085"]
[BlackElo "2367"]
[PlyCount "74"]
[EventDate "2024.04.23"]
[EventType "swiss (blitz)"]
[EventRounds "11"]
[EventCountry "USA"]
[SourceTitle "CBM 219 Extra"]
[Source "ChessBase"]
[SourceDate "2024.05.31"]
[SourceVersion "1"]
[SourceVersionDate "2024.05.31"]
[SourceQuality "1"]

1. e4 e5 2. Nf3 Nc6 3. d4 exd4 4. Nxd4 Nf6 5. Nxc6 bxc6 6. e5 Qe7 7. Qe2 Nd5 8. h4 Qe6 9. Nd2 d6 10. c4 Nb6 11. Nf3 Ba6 12. exd6 Qxe2+ 13. Bxe2 Bxd6 14. b3 0-0 15. 0-0 Nd5 16. Nd4 Be5 17. Bb2 Nf4 18. Rab1 Bxd4 19. Bf3 Bxb2 20. Rxb2 Rad8 21. Bxc6 Rd6 22. Bf3 Rfd8 23. g3 Nd3 24. Re2 Re6 25. Rd2 Red6 26. Re2 g6 27. Bd5 c6 28. Bg2 Bc8 29. Re7 a6 30. Rc7 Ne5 31. f4 Ng4 32. Bxc6 Rd3 33. Bd5 Rxg3+ 34. Kh1 Be6 35. Bg2 Ne3 36. Rf3 Rd1+ 37. Kh2 Rxg2# 0-1

[Event "Titled Tuesday intern op 26th Mar Late"]
[Site "Chess.com INT"]
[Date "2024.03.26"]
[Round "4"]
[White "Antoniou, Rafail"]
[Black "Bugayev, Vladimir"]
[Result "0-1"]
[WhiteElo "2036"]
[BlackElo "2085"]
[PlyCount "66"]
[EventDate "2024.03.26"]
[EventType "swiss (blitz)"]
[EventRounds "11"]
[EventCountry "USA"]
[SourceTitle "EXT 2025"]
[Source "ChessBase"]
[SourceDate "2024.10.14"]
[SourceVersion "1"]
[SourceVersionDate "2024.10.14"]
[SourceQuality "1"]

1. b4 a5 2. b5 c5 3. Nf3 d5 4. c4 e6 5. a4 b6 6. d3 Bb7 7. Nbd2 Nf6 8. g3 Be7 9. Bg2 0-0 10. 0-0 Nbd7 11. Bb2 Qc7 12. Qc2 d4 13. e4 dxe3 14. fxe3 Ng4 15. Rae1 Bf6 16. Bc1 Rad8 17. Nb3 h5 18. e4 Nde5 19. Bf4 Nxf3+ 20. Bxf3 Be5 21. Bxg4 hxg4 22. Rd1 Bxf4 23. Rxf4 f5 24. Rdf1 g5 25. R4f2 f4 26. Qe2 f3 27. Qe3 Qg7 28. h3 Qe5 29. Kh2 Kg7 30. Qc1 Rh8 31. Qb2 Rxh3+ 32. Kg1 Rxg3+ 33. Kh1 Rh8+ 0-1

[Event "Titled Tuesday intern op 19th Mar Early"]
[Site "Chess.com INT"]
[Date "2024.03.19"]
[Round "10"]
[White "Bugayev, Vladimir"]
[Black "Yagupov, Igor"]
[Result "0-1"]
[WhiteElo "2085"]
[BlackElo "2290"]
[PlyCount "54"]
[EventDate "2024.03.19"]
[EventType "swiss (blitz)"]
[EventRounds "11"]
[EventCountry "USA"]
[SourceTitle "EXT 2025"]
[Source "ChessBase"]
[SourceDate "2024.10.14"]
[SourceVersion "1"]
[SourceVersionDate "2024.10.14"]
[SourceQuality "1"]

1. e4 d6 2. Nc3 c5 3. f4 Nc6 4. Nf3 g6 5. Bc4 Bg7 6. 0-0 e6 7. d4 Nxd4 8. Be3 Nxf3+ 9. Qxf3 Ne7 10. f5 exf5 11. exf5 gxf5 12. Bg5 Be6 13. Nd5 Bxd5 14. Bxd5 Bd4+ 15. Kh1 f6 16. c3 Be5 17. Bxb7 fxg5 18. Bxa8 0-0 19. Bd5+ Kh8 20. Rad1 g4 21. Qe2 Ng6 22. g3 Qg5 23. Qd2 f4 24. gxf4 Bxf4 25. Qe2 Ne5 26. Rxf4 Qxf4 27. Rf1 Qxf1+ 0-1

[Event "Titled Tuesday intern op 19th Mar Early"]
[Site "Chess.com INT"]
[Date "2024.03.19"]
[Round "2"]
[White "Harika, Dronavalli"]
[Black "Bugayev, Vladimir"]
[Result "1-0"]
[WhiteElo "2503"]
[BlackElo "2085"]
[PlyCount "101"]
[EventDate "2024.03.19"]
[EventType "swiss (blitz)"]
[EventRounds "11"]
[EventCountry "USA"]
[SourceTitle "EXT 2025"]
[Source "ChessBase"]
[SourceDate "2024.10.14"]
[SourceVersion "1"]
[SourceVersionDate "2024.10.14"]
[SourceQuality "1"]

1. Nf3 c5 2. c4 g6 3. d4 cxd4 4. Nxd4 Nc6 5. e4 Nf6 6. Nc3 d6 7. Be2 Nxd4 8. Qxd4 Bg7 9. Be3 0-0 10. Qd2 a5 11. f3 a4 12. Rc1 Qa5 13. Kf2 Be6 14. Rhd1 Rfc8 15. Nb5 Nd7 16. Qxa5 Rxa5 17. Nd4 Bxd4 18. Bxd4 f5 19. exf5 Bxf5 20. Bc3 Raa8 21. Re1 Kf7 22. Bf1 Nc5 23. Re3 h5 24. Rce1 e5 25. Rd1 Rc6 26. g3 Rac8 27. h3 Be6 28. Bb4 Ke7 29. Ree1 Na6 30. Ba3 Bxc4 31. Bxc4 Rxc4 32. Rxe5+ Kf6 33. Re2 Rc2 34. Rxd6+ Kf5 35. Rdd2 Rxd2 36. Rxd2 Ke6 37. g4 hxg4 38. hxg4 b5 39. Rd6+ Ke5 40. Rxa6 Rc4 41. Bd6+ Kd5 42. Kg3 g5 43. a3 Rc2 44. Bb4 Rxb2 45. Bf8 Rb3 46. Rg6 b4 47. Rxg5+ Kc4 48. Bxb4 Rxb4 49. axb4 Kxb4 50. Rg8 a3 51. Ra8 1-0

[Event "Titled Tuesday intern op 19th Mar Early"]
[Site "Chess.com INT"]
[Date "2024.03.19"]
[Round "11"]
[White "Omariev, Maksim"]
[Black "Bugayev, Vladimir"]
[Result "1-0"]
[WhiteElo "2304"]
[BlackElo "2085"]
[PlyCount "81"]
[EventDate "2024.03.19"]
[EventType "swiss (blitz)"]
[EventRounds "11"]
[EventCountry "USA"]
[SourceTitle "EXT 2025"]
[Source "ChessBase"]
[SourceDate "2024.10.14"]
[SourceVersion "1"]
[SourceVersionDate "2024.10.14"]
[SourceQuality "1"]

1. a3 g6 2. b3 Bg7 3. c3 a5 4. d3 e5 5. e3 d5 6. f3 Ne7 7. g3 c5 8. h3 Nbc6 9. Bb2 0-0 10. Bg2 b5 11. Ne2 Be6 12. Nd2 a4 13. b4 c4 14. d4 f6 15. Qc2 Bf5 16. e4 exd4 17. cxd4 Be6 18. 0-0-0 Bh6 19. Kb1 f5 20. e5 Be3 21. f4 Bxd2 22. Qxd2 Rc8 23. Nc3 Qb6 24. Qf2 Ra8 25. Ka2 Qb7 26. Bf3 Rfd8 27. g4 Rf8 28. g5 Rfd8 29. h4 Kf8 30. h5 Ke8 31. hxg6 hxg6 32. Rh7 Kd7 33. Rdh1 Rac8 34. Rg7 Kc7 35. Rh6 Rg8 36. Rhxg6 Rxg7 37. Rxg7 Rh8 38. Nxd5+ Bxd5 39. Bxd5 Kb6 40. Bxc6 Qxc6 41. d5+ 1-0

[Event "Titled Tuesday intern op 27th Feb Early"]
[Site "Chess.com INT"]
[Date "2024.02.27"]
[Round "11"]
[White "Buenafe Moya, Javier"]
[Black "Bugayev, Vladimir"]
[Result "1-0"]
[WhiteElo "2136"]
[BlackElo "2085"]
[PlyCount "57"]
[EventDate "2024.02.27"]
[EventType "swiss (blitz)"]
[EventRounds "11"]
[EventCountry "USA"]
[SourceTitle "EXT 2025"]
[Source "ChessBase"]
[SourceDate "2024.10.14"]
[SourceVersion "1"]
[SourceVersionDate "2024.10.14"]
[SourceQuality "1"]

1. c4 c5 2. Nf3 g6 3. d4 Bg7 4. e4 cxd4 5. Nxd4 Nc6 6. Be3 Nf6 7. Nc3 0-0 8. Rc1 d6 9. f3 Bd7 10. Be2 a5 11. 0-0 Nxd4 12. Bxd4 Bc6 13. Qd2 Nd7 14. Be3 Nc5 15. b3 e6 16. Rfd1 Be5 17. Bf1 f5 18. exf5 Rxf5 19. f4 Bxc3 20. Qxc3 Ne4 21. Qd4 d5 22. cxd5 Rxd5 23. Qxe4 Rxd1 24. Qxe6+ Kg7 25. Qe5+ Kf7 26. Rxd1 Qxd1 27. Bd4 Re8 28. Qf6+ Kg8 29. Qg7# 1-0

[Event "Titled Tuesday intern op 20th Feb Early"]
[Site "Chess.com INT"]
[Date "2024.02.20"]
[Round "1"]
[White "Bugayev, Vladimir"]
[Black "Ju, Wenjun"]
[Result "0-1"]
[WhiteElo "2085"]
[BlackElo "2559"]
[PlyCount "92"]
[EventDate "2024.02.20"]
[EventType "swiss (blitz)"]
[EventRounds "11"]
[EventCountry "USA"]
[SourceTitle "EXT 2025"]
[Source "ChessBase"]
[SourceDate "2024.10.14"]
[SourceVersion "1"]
[SourceVersionDate "2024.10.14"]
[SourceQuality "1"]

1. e4 e5 2. Nf3 Nc6 3. d4 exd4 4. Nxd4 Nf6 5. Nxc6 bxc6 6. e5 Qe7 7. Qe2 Nd5 8. h4 a5 9. c4 Ba6 10. b3 a4 11. Bd2 Nb4 12. Bc3 c5 13. Qd2 g6 14. h5 Bg7 15. f4 0-0 16. Na3 d6 17. 0-0-0 dxe5 18. f5 gxf5 19. h6 Rfd8 20. Qf2 Rxd1+ 21. Kxd1 Rd8+ 22. Kc1 Qg5+ 23. Kb2 Bxh6 24. Rxh6 Qxh6 25. Qxf5 Bc8 26. Qxe5 f6 27. Qxc5 Na6 28. Qf2 Kg7 29. Nb5 Qg6 30. Nd4 Nc5 31. Be2 Ne4 32. Qe3 Nxc3 33. Qxc3 Qxg2 34. Ka3 Rxd4 35. Qxd4 Qxe2 36. Qd8 Bf5 37. Qxc7+ Kg6 38. Qg3+ Qg4 39. Qe3 axb3 40. axb3 h5 41. Qe8+ Kg5 42. Qe3+ Qf4 43. Qg1+ Bg4 44. Qc5+ Qe5 45. Qf8 h4 46. Qg8+ Kf4 0-1

[Event "Titled Tuesday intern op 20th Feb Early"]
[Site "Chess.com INT"]
[Date "2024.02.20"]
[Round "5"]
[White "Stojanovski, Sandi"]
[Black "Bugayev, Vladimir"]
[Result "0-1"]
[WhiteElo "2169"]
[BlackElo "2085"]
[PlyCount "72"]
[EventDate "2024.02.20"]
[EventType "swiss (blitz)"]
[EventRounds "11"]
[EventCountry "USA"]
[SourceTitle "EXT 2025"]
[Source "ChessBase"]
[SourceDate "2024.10.14"]
[SourceVersion "1"]
[SourceVersionDate "2024.10.14"]
[SourceQuality "1"]

1. d3 g6 2. Nf3 Bg7 3. g3 c5 4. Bg2 Nc6 5. 0-0 d6 6. c4 e5 7. Nc3 Nge7 8. Rb1 0-0 9. b3 h6 10. Bb2 Kh7 11. e3 Be6 12. a3 a5 13. Qe2 Rb8 14. Rfd1 d5 15. cxd5 Nxd5 16. Ne4 b6 17. Rbc1 f5 18. Ned2 Qe7 19. Nc4 Bf7 20. e4 Nd4 21. Nxd4 exd4 22. Re1 fxe4 23. Bxe4 Qd7 24. h4 b5 25. Nd2 Nc3 26. Bxc3 dxc3 27. Nf1 b4 28. h5 Bxb3 29. hxg6+ Kh8 30. Ne3 Be6 31. Qh5 b3 32. g4 Qe7 33. Nf5 Qg5 34. Qh3 Bxf5 35. Bxf5 Rxf5 36. Qg3 Rf4 0-1